| 000 | 00359nam a2200157Ia 4500 | ||
|---|---|---|---|
| 005 | 20250317120413.0 | ||
| 008 | 240331s9999 xx 000 0 und d | ||
| 082 |
_bKRI _a894 |
||
| 100 | _aKrishnan, R | ||
| 245 | 0 | _aVeruku Neer | |
| 250 | _a5th | ||
| 260 |
_aChennai _bVetri achagam _c1993 |
||
| 300 | _a268 p ., | ||
| 650 | _aTamil social novel | ||
| 942 | _cL | ||
| 999 |
_c4028 _d4028 |
||